|
|
|
|
| LEADER |
00000cam a2200000 c 4500 |
| 001 |
1681077108 |
| 003 |
DE-627 |
| 005 |
20200407154145.0 |
| 007 |
tu |
| 008 |
191105s2019 xx ||||| 00| ||ita c |
| 020 |
|
|
|a 9788827904664
|c Broschur
|9 978-88-279-0466-4
|
| 035 |
|
|
|a (DE-627)1681077108
|
| 035 |
|
|
|a (DE-599)KXP1681077108
|
| 040 |
|
|
|a DE-627
|b ger
|c DE-627
|e rda
|
| 041 |
|
|
|a ita
|
| 100 |
1 |
|
|a Monzani, Marco
|e VerfasserIn
|0 (DE-588)1098454200
|0 (DE-627)857646249
|0 (DE-576)36066671X
|4 aut
|
| 109 |
|
|
|a Monzani, Marco
|
| 245 |
1 |
3 |
|a Il modello circolare di vittimizzazione
|b dalla percezione del rischio alla consapevolezza della vittimizzazione
|c Marco Monzani
|
| 264 |
|
1 |
|a Milano
|b Key editore
|c luglio 2019
|
| 300 |
|
|
|a 121 Seiten
|
| 336 |
|
|
|a Text
|b txt
|2 rdacontent
|
| 337 |
|
|
|a ohne Hilfsmittel zu benutzen
|b n
|2 rdamedia
|
| 338 |
|
|
|a Band
|b nc
|2 rdacarrier
|
| 490 |
0 |
|
|a Cendon/book
|
| 490 |
0 |
|
|a Diritto penale
|a Professional
|
| 935 |
|
|
|a mkri
|
| 951 |
|
|
|a BO
|
| ELC |
|
|
|b 1
|
| LOK |
|
|
|0 000 xxxxxcx a22 zn 4500
|
| LOK |
|
|
|0 001 3537407750
|
| LOK |
|
|
|0 003 DE-627
|
| LOK |
|
|
|0 004 1681077108
|
| LOK |
|
|
|0 005 20200407152507
|
| LOK |
|
|
|0 008 191105||||||||||||||||ger|||||||
|
| LOK |
|
|
|0 040
|a DE-Frei85
|c DE-627
|d DE-Frei85
|
| LOK |
|
|
|0 852
|a DE-Frei85
|
| LOK |
|
|
|0 852 1
|m p
|9 00
|
| LOK |
|
|
|0 938
|k p
|
| LOK |
|
|
|0 939
|a 05-11-19
|b l01
|
| ORI |
|
|
|a SA-MARC-krimdoka001.raw
|